Příběhy staletími vyprávěné : drobné sakrální památky na Rožnovsku /

Hlavní autor: Drápala, Daniel, 1976-
Další autoři: Sobotka, Richard, 1935-, Bajer, Vojtěch, 1978-
Jazyk: Čeština
Vydáno: Rožnov pod Radhoštěm ; Zlín : Město Rožnov pod Radhoštěm :Zlínský kraj :Česká křesťanská akademie, 2004
Vydání: 1. vyd.
Edice: Rožnovské malé tisky. Historie. Procházky po Rožnově
Témata:
Externí odkaz: Digitalizovaný dokument
Fyzický popis: 95 s. : il., mapy, portrét ; 15 cm
Knihy
Uloženo v:
LEADER 01957nam a2200469 a 4500
001 000734701
003 CZ BrMZK
005 20061024125855.0
007 ta
008 040913s2004 xr abc erf 000 0 cze d
015 |a cnb001314501 
020 |a 80-239-2966-6  |q (brož.) 
035 |a (OCoLC)85105111 
040 |a BOA001  |b cze 
043 |a e-xr---  |b e-xr-zl  |2 czenas 
072 7 |a 72  |x Architektura  |2 Konspekt  |9 21 
080 |a 726  |2 MRF 
080 |a 725.94  |2 MRF 
080 |a (437.323)  |2 MRF 
080 |a (036)  |2 MRF 
100 1 |a Drápala, Daniel,  |d 1976-  |7 xx0025944  |4 aut 
245 1 0 |a Příběhy staletími vyprávěné :  |b drobné sakrální památky na Rožnovsku /  |c Daniel Drápala, Richard Sobotka, Vojtěch Bajer 
250 |a 1. vyd. 
260 |a Rožnov pod Radhoštěm ;  |a Zlín :  |b Město Rožnov pod Radhoštěm :  |b Zlínský kraj :  |b Česká křesťanská akademie,  |c 2004 
300 |a 95 s. :  |b il., mapy, portrét ;  |c 15 cm 
490 1 |a Rožnovské malé tisky. Historie. Procházky po Rožnově ;  |v sv. 3 
500 |a Terminologický slovník 
500 |a 1000 výt. 
504 |a Obsahuje bibliografii 
500 |a Dostupné též v digitální podobě v aplikaci Kramerius 
650 0 7 |a sakrální stavby  |7 ph137431  |z Česko  |2 czenas 
650 0 7 |a kříže  |7 ph137207  |z Česko  |2 czenas 
650 0 7 |a kapličky  |7 ph137180  |z Česko  |2 czenas 
655 7 |a průvodce  |7 fd133154  |2 czenas 
651 7 |a Rožnov pod Radhoštěm (Česko : oblast)  |7 ge163304  |2 czenas 
700 1 |a Sobotka, Richard,  |d 1935-  |7 jk01120270  |4 aut 
700 1 |a Bajer, Vojtěch,  |d 1978-  |7 xx0025942  |4 aut 
830 0 |a Rožnovské malé tisky.  |p Historie.  |p Procházky po Rožnově 
856 4 1 |u http://www.digitalniknihovna.cz/mzk/uuid/uuid:53d85240-8e03-11e5-ac67-005056827e51  |y Digitalizovaný dokument  |x NDK 
910 |a BOA001  |b 1-1140.045 
990 |a BK 
996 6 |b 2610228658  |c 1-1140.045  |l MZK  |r Sklad / do 1 hodiny  |n 19  |p p.v.  |w 000734701  |u 000010  |a 1  |e BOA001  |j MZK50  |s P